|
|
|
|
| LEADER |
00000nam a2200000 a 4500 |
| 001 |
vtls001096663 |
| 003 |
SK-MaSNL |
| 005 |
20260302053217.0 |
| 008 |
240314s1947 CS 0 cze |
| 035 |
|
|
|a SNK000039505
|
| 040 |
|
|
|a SNK
|b slo
|c SNK
|e AACR2
|
| 041 |
0 |
|
|a cze
|
| 044 |
|
|
|a CS
|
| 100 |
1 |
|
|a Bartušek, Antonín,
|d 1921-1974
|4 aut
|9 177257
|
| 245 |
1 |
0 |
|a Sudba
|c Antonín Bartůšek
|
| 260 |
|
|
|a Praha
|b Rudolf Kmoch
|c 1947
|
| 300 |
|
|
|a 42, [3] s.
|c 8°
|
| 490 |
0 |
|
|a Prvotiny
|v sv. 2
|
| 958 |
|
|
|a RK
|
| 999 |
|
|
|c 1108521
|d 1110451
|
| 952 |
|
|
|t P60, <04>, [BOOK], {604}
|a SNK
|b SNK
|y VYP
|7 0
|p 17A0373105
|o snkID 60407
|0 0
|1 0
|4 0
|d 2003-02-06
|l 0
|r 2004-12-31 00:00:00
|w 2026-02-24
|